00849nam a2200205 a 4500008004100000020001800041050001600059100002000075245008800095260003500183300003700218650006500255650002400320650001500344650001500359650002000374995010000394999001700494952013200511200821s2019 ||||||||||||||||| || u a9781473696105 aHD 58.7 Hil aHill, Paul Sean10aOut of this world : how NASA created the best team on the planetcBy Paul Sean Hill aLondonbNicholas Brealeyc2019 axvii, 279 pages : illustrations  aUNITED STATES. NATIONAL AERONAUTICS AND SPACE ADMINISTRATION 0aSUCCESS IN BUSINESS 0aMANAGEMENT 0aLEADERSHIP 0aDECISION MAKING D8.80FCBU-MAIN LIBRARY (Kitwe)M1UAVAILABLEWAug 26, 2020ZMain Library Open Access Collection c52995d52995 00102lcc4070a001b001cMain Library Open Access Collectiond2022-11-30l0oHD 58.7 Hilp750218r2022-11-30w2022-11-30y002